| Поле | Инд. | ПП | Название | Значение |
|---|---|---|---|---|
| Тип записи | a | |||
| Библиографический уровень | m | |||
| 001 | Контрольный номер | 4ad4898e-4695-406f-809a-bd4637c165ee | ||
| 005 | Дата корректировки | 20140225153150.4 | ||
| 008 | Кодируемые данные | 000802 d | ||
| 020 | c | Цена, тираж | 7.00 | |
| 040 | a | Служба первич. каталог. | НБ ТвГУ | |
| 080 | a | Индекс УДК | 517.538.3 | |
| 084 | a | Индекс другой классификации/Индекс ББК | В161.55я73-1 | |
| 090 | a | Полочн. индекс | В161.5 | |
| x | Авторский знак | А46 | ||
| c | Каталожный индекс | В161.55я73-1 | ||
| 100 | 1_ | a | Автор | Александров Виктор Алексеевич |
| q | Полное имя | Александров В. А. | ||
| 245 | 10 | a | Заглавие | Ортогональные многочлены |
| b | Продолж. заглавия | методические указания | ||
| c | Ответственность | Новосиб. гос. ун-т, Физ. фак. | ||
| 260 | 0_ | a | Место издания | Новосибирск |
| b | Издательство | [б. и.] | ||
| c | Дата издания | 1993 | ||
| 300 | a | Объем | 67 с. | |
| 650 | a | Основная рубрика | Ортогональные многочлены | |
| x | Основная подрубрика | Учебники для вузов | ||
| 650 | a | Основная рубрика | Функции | |
| x | Основная подрубрика | Теория | ||
| 650 | a | Основная рубрика | Математический анализ | |
| 653 | a | Ключевые слова | Многочлены | |
| a | Ключевые слова | Ортогональные многочлены | ||
| a | Ключевые слова | Учебники | ||
| 901 | t | Тип документа | m | |
| 930 | a | Новая/Ретро | учебники | |
| 954 | a | Дата поступления на обработку | 30.06.93 | |
| a | Дата поступления на обработку | 30.06.93 |